The writing of history,

Saved in:
Bibliographic Details
Main Author: Fortescue, J. W. Sir, 1859-1933.
Format: Book
Language:English
Published: New York, Longmans, Green, 1926.
Subjects:
Tags: Add Tag
No Tags, Be the first to tag this record!
LEADER 00688cam a2200205I 4500
001 004855237-2
005 20020606095253.2
008 760430s1926 xx 000 0 eng
010 |a  27008700  
035 0 |a ocm02149142 
040 |a DLC  |c DLM  |d OCL  |d HLS 
050 0 |a D13  |b .F6 
100 1 |a Fortescue, J. W.  |q (John William),  |c Sir,  |d 1859-1933. 
245 1 4 |a The writing of history,  |c by John Fortescue. 
260 |a New York,  |b Longmans, Green,  |c 1926. 
300 |a 74 p.  |c 19 cm. 
650 0 |a Historiography. 
776 0 8 |i Online version:  |a Fortescue, J.W. (John William), Sir, 1859-1933.  |t Writing of history.  |d New York, Longmans, Green, 1926  |w (OCoLC)569790014 
988 |a 20020608 
906 |0 DLC